<?xml version="1.0" encoding="UTF-8"?><?xml-stylesheet type="text/xsl" href="static/style.xsl"?><OAI-PMH xmlns="http://www.openarchives.org/OAI/2.0/" xmlns:xsi="http://www.w3.org/2001/XMLSchema-instance" xsi:schemaLocation="http://www.openarchives.org/OAI/2.0/ http://www.openarchives.org/OAI/2.0/OAI-PMH.xsd"><responseDate>2026-04-13T02:54:42Z</responseDate><request verb="GetRecord" identifier="oai:www.recercat.cat:10230/25103" metadataPrefix="marc">https://recercat.cat/oai/request</request><GetRecord><record><header><identifier>oai:recercat.cat:10230/25103</identifier><datestamp>2025-12-20T01:55:16Z</datestamp><setSpec>com_2072_6</setSpec><setSpec>col_2072_452953</setSpec></header><metadata><record xmlns="http://www.loc.gov/MARC21/slim" xmlns:dcterms="http://purl.org/dc/terms/" xmlns:xsi="http://www.w3.org/2001/XMLSchema-instance" xmlns:doc="http://www.lyncode.com/xoai" xsi:schemaLocation="http://www.loc.gov/MARC21/slim http://www.loc.gov/standards/marcxml/schema/MARC21slim.xsd">
   <leader>00925njm 22002777a 4500</leader>
   <datafield ind2=" " ind1=" " tag="042">
      <subfield code="a">dc</subfield>
   </datafield>
   <datafield ind2=" " ind1=" " tag="720">
      <subfield code="a">Rovira, Cristòfol</subfield>
      <subfield code="e">author</subfield>
   </datafield>
   <datafield ind2=" " ind1=" " tag="260">
      <subfield code="c">2015-11-16T14:08:29Z</subfield>
   </datafield>
   <datafield ind2=" " ind1=" " tag="260">
      <subfield code="c">2015-11-16T14:08:29Z</subfield>
   </datafield>
   <datafield ind2=" " ind1=" " tag="260">
      <subfield code="c">2015</subfield>
   </datafield>
   <datafield ind2=" " ind1=" " tag="520">
      <subfield code="a">En este mapa conceptual se presentan los resultados de una revisión bibliográfica sobre las investigaciones publicadas hasta la fecha sobre mapas conceptuales aplicando la metodología del seguimiento de la mirada. Se estudian los antecedentes de este tipo de trabajos: por un lado la producción científica genérica sobre mapas conceptuales con bases teóricas en la psicología del aprendizaje y por otro lado la metodología del seguimiento de la mirada aplicada a la investigación sobre la enseñanza y el aprendizaje.</subfield>
   </datafield>
   <datafield ind2=" " ind1=" " tag="520">
      <subfield code="a">In this conceptual map we analyze published research to date on concept maps using eye tracking methodology. We review the background: on the one hand we study generic scientific literature about concept maps ith theoretical foundations in the psychology of learning and secondly the literature of eye tracking in teaching and learning is reviewed.</subfield>
   </datafield>
   <datafield tag="653" ind2=" " ind1=" ">
      <subfield code="a">Mapes cognitius -- Bibliografia</subfield>
   </datafield>
   <datafield tag="653" ind2=" " ind1=" ">
      <subfield code="a">Ulls -- Moviments</subfield>
   </datafield>
   <datafield ind2="0" ind1="0" tag="245">
      <subfield code="a">El estudio de mapas conceptuales por medio del eye tracker: un estado de la cuestión (mapa conceptual)</subfield>
   </datafield>
</record></metadata></record></GetRecord></OAI-PMH>